| 000 | 01041cab a22002175a 4500 | ||
|---|---|---|---|
| 001 | L146839 | ||
| 008 | 090304e20090227xxkad f s 000 0 eng d | ||
| 035 | _a(Sirsi) u146839 | ||
| 041 | 0 | _aeng | |
| 100 | 1 | _aHatcher, David | |
| 245 | 0 | 0 |
_aRegional report _bHerts, Beds and Bucks |
| 260 | _c2009 | ||
| 490 | 0 |
_aProperty Week _v75(9) 27 February 2009, 57-68(7) |
|
| 520 | _aReviews news and deals from around the region. Reports on how some office occupiers are looking at Milton Keynes as a headquarters location, despite the economic downturn. Provides thumbnail sketches on how office markets in the region's towns are coping with the downturn. Reveals that there is opposition to proposals for a new rail development in Radlett. Reports on the first case for compensation for the Buncefield oil depot disaster which is now nearing conclusion. | ||
| 590 | _aKA | ||
| 651 | 4 | _aHertfordshire | |
| 651 | 4 | _aBedfordshire | |
| 651 | 4 | _aBuckinghamshire | |
| 690 | _aPROPERTY-COMMERCIAL PROPERTY-COMMERCIAL PROPERTY MARKET | ||
| 942 | _n0 | ||
| 999 |
_c81303 _d81303 |
||